| 000 | 01141cam a2200349 a 4500 | ||
|---|---|---|---|
| 001 | 000020118 | ||
| 003 | DO-SdBNP | ||
| 005 | 20150225145029.0 | ||
| 007 | 000020118 | ||
| 008 | 700702s2000 dr 000 f spa d | ||
| 020 | _a8481301310 | ||
| 040 |
_aBPMET _cspa _dBPMET |
||
| 041 | 1 | 7 |
_aspa _2Código de idioma MARC |
| 092 |
_a891.73 _bD724j |
||
| 100 | 1 |
_aDostoyevsky, Fyódor, _d1821-1881 |
|
| 240 | 1 | 0 |
_aIgrok. _lEspañol |
| 245 | 1 | 3 |
_aEl jugador / _cFiódor Dostoievski ; traducción de Victoriano Imbert.; prólogo |
| 260 |
_aMadrid : _bMillenium, _c1999 |
||
| 300 |
_a200 p. ; _c19 cm. |
||
| 490 | 1 |
_aJoyas del milenio _v2 |
|
| 534 |
_aTítulo original: Igrok _cBarcelona : Bibliotex, 2000. |
||
| 650 | 4 | _aNOVELA RUSA | |
| 650 | 4 | _aLITERATURA RUSA | |
| 700 | 1 |
_aImbert, Victoriano, _etr. |
|
| 830 | 0 |
_aJoyas del milenio ; _v2 |
|
| 930 | 1 |
_lBND01 _mLF1 _h891.73 _820100721 _f04 _pHD _he. 3 |
|
| 930 | 1 |
_lBND01 _mLF1 _h891.73 _820100721 _f04 _pHD _he. 4 |
|
| 930 | 1 |
_lBND01 _mLF1 _h891.73 _820100721 _f01 _pHD _he. 2 |
|
| 942 |
_2ddc _cBK |
||
| 956 |
_aNBATISTA _b10 _c20100721 _lBND01 _h2037 |
||
| 956 |
_aVMATEO _b10 _c20150225 _lBND01 _h00151 |
||
| 999 |
_c7509 _d7509 |
||